| 000 | 00967nam a2200289 c 4500 | ||
|---|---|---|---|
| 003 | BLK | ||
| 005 | 20220720090339.0 | ||
| 008 | 180408b bul|||||r ||||||| ||bul|| | ||
| 010 | _aKNG00055699000 | ||
| 020 |
_a954-721-009-2 _bиздат.: Делфин прес |
||
| 040 | _aBLK | ||
| 041 |
_aBUL _cBUL |
||
| 080 |
_aБългарска литература _b821.163.2 _x-312.4 _z821.163.2-312.4 |
||
| 100 | 1 |
_aФъртунов, Валентин _eпърви автор _9284028 |
|
| 139 |
_aФъртунов, Валентин _bФ 97 |
||
| 245 | 1 | 0 |
_aОперация Vox Dei _bРоман _cВалентин Фъртунов. |
| 257 | _aBGR | ||
| 260 |
_аБургас _bДелфин прес _c2005 _fЯмбол : Светлина |
||
| 300 |
_a384 с. _c20 см |
||
| 380 | _aX | ||
| 490 | 1 | _aТрилър | |
| 852 | _aЦб 224908 | ||
| 856 | 4 |
_qpdf _u |
|
| 856 | 4 |
_qpdf _u |
|
| 942 |
_cKNG _n0 _03 |
||
| 944 |
_aCR _c06.10.2005 _kГеновева_Генчева |
||
| 944 |
_aED _c05.10.2006 _k |
||
| 999 |
_c51784 _d51784 |
||